Name the tamil movie - Statistics

General Stats
  • This quiz has been taken 306 times
  • The average score is 5 of 10
Answer Stats
song movie % Correct
rowdy baby maari 2
90%
pookale satru i
75%
Varaayo Varaayo Aadhavan
71%
Adiye Kolludhey vaaranam aayiram
60%
oru maalai gajini
41%
pookal pookum tharunam madharasapattinam
34%
vaaya moodi mugamoodi
33%
minnalai pidithu shajahan
28%
anbe en anbe dham dhoom
18%
irava pagala poovellam ketupaar
9%
No matching quizzes found
Score Distribution
Percent of People with Each Score
Percentile by Number Answered
Your Score History
You have not taken this quiz